000
00291nam a22001097a 4500
082
_a
005.133-FP CHE'F
100
_a
NAGPAL, J , CHELLAM, MEENAKHSI , ROHRA, S
_9
64731
245
_a
FOXPRO 2.0 , THE ART OF VISUAL PROGRAMMING
260
_a
NEW DELHI
_b
BPB
_c
1992
300
_a
326P
942
_c
BK
999
_c
573139
_d
573139